Kalleimmat pääkaupungit - Statistics

Yleistilastot
  • Tätä visaa on pelattu 929 kertaa
  • Keskiarvotulos 14 / 24
Vastaustilastot
Hintaindeksi Maanosa Kaupunki % Oikein
150 Eurooppa Helsinki
91%
175 Eurooppa Oslo
88%
146 Eurooppa Tukholma
87%
208 Eurooppa Lontoo
86%
166 Eurooppa Pariisi
86%
205 Pohjois-Amerikka Washington DC
79%
148 Aasia Tokio
78%
211 Eurooppa Bern
73%
189 Eurooppa Kööpenhamina
73%
245 Eurooppa Monaco
66%
195 Eurooppa Reykjavík
66%
303 Aasia Singapore
66%
169 Eurooppa Amsterdam
63%
193 Eurooppa Dublin
59%
152 Eurooppa Luxemburg
57%
159 Oseania Canberra
56%
210 Eurooppa Vaduz
44%
156 Oseania Wellington
44%
159 Aasia Abu Dhabi
33%
161 Aasia Doha
28%
148 Aasia Jerusalem
20%
184 Pohjois-Amerikka Nassau
17%
167 Afrikka Victoria
10%
147 Afrikka Luanda
8%
Ehtoja vastaavia visoja ei löytynyt
Tulosjakauma
Jokaisen tuloksen saaneiden osuus
Persentiili vastausten määrän mukaan
Tuloshistoriasi
Et ole pelannut tätä visaa